[Event "GER-chT Federal Cup (Women)"]
[Site "Braunfels"]
[Date "2019.06.23"]
[Round "5.39"]
[White "Pralle, Katharina"]
[Black "Reich, Kristina"]
[Result "1/2-1/2"]
[WhiteElo "1971"]
[BlackElo "1544"]
[PlyCount "52"]
[EventDate "2019.06.20"]
[EventType "team-swiss"]
[EventRounds "5"]
[EventCountry "GER"]
[SourceTitle "CBM 191 Extra"]
[Source "ChessBase"]
[SourceDate "2019.09.30"]
[SourceVersion "1"]
[SourceVersionDate "2019.09.30"]
[SourceQuality "1"]

1. c4 c5 2. Nc3 b6 3. Nf3 Bb7 4. g3 e6 5. Bg2 Nf6 6. 0-0 d6 7. d4 cxd4 8. Nxd4 Bxg2 9. Kxg2 a6 10. Qd3 Nbd7 11. b3 Rc8 12. Bb2 Be7 13. Nf3 0-0 14. Rfd1 Rc7 15. Qd4 Qa8 16. Kg1 Rfc8 17. Ng5 e5 18. Qe3 Ng4 19. Qd2 Ndf6 20. Nf3 Ne4 21. Nxe4 Qxe4 22. Qd3 Qg6 23. Qxg6 hxg6 24. Ba3 Rd8 25. Rd2 f6 26. Rad1 Rcd7 1/2-1/2

[Event "GER-chT U20 Girls"]
[Site "Borken"]
[Date "2016.12.28"]
[Round "4.2"]
[White "Rosmait, Emily"]
[Black "Reich, Kristina"]
[Result "1-0"]
[WhiteElo "1897"]
[BlackElo "1481"]
[PlyCount "99"]
[EventDate "2016.12.27"]
[EventType "team-swiss"]
[EventRounds "7"]
[EventCountry "GER"]
[SourceTitle "EXT 2018"]
[Source "ChessBase"]
[SourceDate "2017.10.13"]
[SourceVersion "1"]
[SourceVersionDate "2017.10.13"]
[SourceQuality "1"]
[WhiteTeam "Norderstedt Harksheide"]
[BlackTeam "Hamburger SK"]
[WhiteTeamCountry "GER"]
[BlackTeamCountry "GER"]

1. e4 c5 2. Nf3 e6 3. d4 cxd4 4. Nxd4 a6 5. Bd3 Qc7 6. 0-0 b5 7. Be3 Bb7 8. Nd2 Nf6 9. c3 d5 10. exd5 Nxd5 11. Re1 Bd6 12. N2f3 0-0 13. a4 Nxe3 14. Rxe3 b4 15. c4 Bf4 16. Re1 e5 17. Nf5 Re8 18. Nd6 Re6 19. Nxb7 Qxb7 20. Bf5 Re8 21. Nxe5 Bxe5 22. Rxe5 Nc6 23. Rxe8+ Rxe8 24. Qd7 Re7 25. Qxb7 Rxb7 26. Be4 Rc7 27. Rd1 g6 28. b3 Kf8 29. Rd6 Na5 30. Rd3 Re7 31. f3 Rc7 32. Kf2 Ke7 33. Ke3 f5 34. Bd5 Rd7 35. h4 Kf6 36. c5 Re7+ 37. Kd4 Rd7 38. f4 h6 39. Re3 Nc6+ 40. Kc4 Na5+ 41. Kxb4 Rxd5 42. Kxa5 Rxc5+ 43. Kxa6 Rd5 44. g3 Kf7 45. b4 Rd4 46. Ka5 Re4 47. Rd3 Re8 48. b5 Re6 49. b6 Rc6 50. b7 1-0

[Event "GER-chT U20 Girls"]
[Site "Borken"]
[Date "2016.12.27"]
[Round "1.2"]
[White "Hund, Sarah"]
[Black "Reich, Kristina"]
[Result "1/2-1/2"]
[WhiteElo "1944"]
[BlackElo "1481"]
[PlyCount "137"]
[EventDate "2016.12.27"]
[EventType "team-swiss"]
[EventRounds "7"]
[EventCountry "GER"]
[SourceTitle "EXT 2018"]
[Source "ChessBase"]
[SourceDate "2017.10.13"]
[SourceVersion "1"]
[SourceVersionDate "2017.10.13"]
[SourceQuality "1"]
[WhiteTeam "Karlsruhe SF"]
[BlackTeam "Hamburger SK"]
[WhiteTeamCountry "GER"]
[BlackTeamCountry "GER"]

1. e4 e5 2. Nf3 Nc6 3. Bc4 Nf6 4. d3 Bc5 5. c3 a6 6. Bb3 Ba7 7. Nbd2 d6 8. h3 0-0 9. Nf1 b5 10. Ng3 d5 11. Qe2 Re8 12. Bg5 Qd6 13. Bxf6 Qxf6 14. Bxd5 Bd7 15. 0-0 Rad8 16. Bb3 Qg6 17. Kh2 Na5 18. Bc2 c5 19. Nh4 Qg5 20. Nf3 Qg6 21. Rad1 Nc6 22. Nh4 Qg5 23. Nhf5 Bxf5 24. Nxf5 Ne7 25. Ne3 Rd6 26. Rd2 Rg6 27. g3 Rd8 28. Bb3 Rgd6 29. f4 exf4 30. gxf4 Qh4 31. Ng2 Qh6 32. Rdd1 Bb8 33. e5 Rc6 34. Ne3 g6 35. Ng4 Qg7 36. Qe4 Kh8 37. Nf6 Rc7 38. Rg1 Rf8 39. Qe1 Nf5 40. Bc2 Ne7 41. Rg4 Ng8 42. Ne4 f5 43. exf6 Nxf6 44. Nxf6 Rxf6 45. Qe3 Qf8 46. Re1 Rcf7 47. Qe8 Bxf4+ 48. Kg1 Bh6 49. Qxf8+ Rxf8 50. Re7 Rf4 51. Rxf4 Bxf4 52. Bb3 Bg5 53. Kg2 Bh6 54. Bd5 Rd8 55. c4 Bg7 56. Bb7 bxc4 57. Bxa6 cxd3 58. Bxd3 Rxd3 59. Re8+ Bf8 60. Rxf8+ Kg7 61. Rb8 Rd2+ 62. Kg3 Rd3+ 63. Kg4 Rd4+ 64. Kf3 Rd3+ 65. Kg2 Rd2+ 66. Kf3 Rd3+ 67. Kg4 Rd4+ 68. Kf3 Rd3+ 69. Kg4 1/2-1/2

[Event "GER-chT U20 Girls"]
[Site "Osnabrueck"]
[Date "2015.12.28"]
[Round "4.3"]
[White "Joers, Pia Milena"]
[Black "Reich, Kristina"]
[Result "1/2-1/2"]
[WhiteElo "1432"]
[BlackElo "1372"]
[PlyCount "103"]
[EventDate "2015.12.27"]
[EventType "team-swiss"]
[EventRounds "7"]
[EventCountry "GER"]
[SourceTitle "EXT 2017"]
[Source "ChessBase"]
[SourceDate "2016.10.25"]
[SourceVersion "1"]
[SourceVersionDate "2016.10.25"]
[SourceQuality "1"]
[WhiteTeam "Guestrow/Teterow"]
[BlackTeam "Hamburger SK"]
[WhiteTeamCountry "GER"]
[BlackTeamCountry "GER"]

1. d4 Nf6 2. c4 d5 3. Nc3 c6 4. Nf3 Bf5 5. e3 e6 6. Be2 Bb4 7. a3 Bxc3+ 8. bxc3 Ne4 9. Bb2 Qa5 10. Qb3 Qb6 11. Qxb6 axb6 12. cxd5 exd5 13. c4 dxc4 14. Bxc4 0-0 15. Rd1 Nd6 16. Be2 Rd8 17. Rc1 Na6 18. 0-0 Nc7 19. Ra1 b5 20. Rfc1 f6 21. Ne1 Ne6 22. f3 Nc7 23. e4 Be6 24. d5 Bd7 25. e5 fxe5 26. dxc6 Bxc6 27. Bxe5 Na6 28. Rab1 Re8 29. Bxd6 Rxe2 30. Nc2 Rd2 31. Bf4 Rd3 32. Nb4 Nxb4 33. axb4 Ra4 34. Bg3 Kf7 35. Be1 g6 36. Rd1 Rxd1 37. Rxd1 h5 38. Kf2 Ra2+ 39. Rd2 Ra1 40. Rd4 Ra2+ 41. Kg3 Re2 42. Bd2 Ke6 43. Bg5 Re5 44. h4 Kf7 45. Rf4+ Rf5 46. Rxf5+ gxf5 47. Kf4 Kg6 48. Ke5 Bd7 49. Kd6 Be8 50. Ke7 Bc6 51. Ke6 Be8 52. Ke5 1/2-1/2

[Event "GER-chT U14 Girls"]
[Site "Magdeburg"]
[Date "2012.12.30"]
[Round "7.2"]
[White "Schilay, Eva"]
[Black "Reich, Kristina"]
[Result "1/2-1/2"]
[WhiteElo "1124"]
[BlackElo "955"]
[PlyCount "83"]
[EventDate "2012.12.27"]
[EventType "team-swiss"]
[EventRounds "7"]
[EventCountry "GER"]
[SourceTitle "EXT 2014"]
[Source "ChessBase"]
[SourceDate "2013.11.20"]
[SourceVersion "1"]
[SourceVersionDate "2013.11.20"]
[SourceQuality "1"]
[WhiteTeam "Neumarkt"]
[BlackTeam "Hamburger SK"]
[WhiteTeamCountry "GER"]
[BlackTeamCountry "GER"]

1. e4 e5 2. Bc4 Nf6 3. Nc3 Nc6 4. d3 h6 5. Be3 d6 6. h3 Be7 7. Nge2 0-0 8. 0-0 Be6 9. Bb3 d5 10. exd5 Nxd5 11. Nxd5 Bxd5 12. Bxd5 Qxd5 13. Nc3 Qd6 14. Nb5 Qd7 15. Re1 a6 16. Nc3 Nd4 17. Ne2 Nb5 18. Ng3 c6 19. Ne4 Bd8 20. Bc5 Re8 21. c3 b6 22. Be3 Nd6 23. Rc1 Nxe4 24. dxe4 Qe6 25. Qb3 Qxb3 26. axb3 Rb8 27. Rcd1 a5 28. Rd6 c5 29. Red1 Ra8 30. Ra1 Bc7 31. Rd7 Bd8 32. b4 Be7 33. bxa5 bxa5 34. Rd5 Rec8 35. Rxe5 Bd6 36. Rd5 Be7 37. Rd7 Kf8 38. Rb7 a4 39. Bf4 f6 40. Rc7 Rxc7 41. Bxc7 Ra7 42. Bf4 1/2-1/2